01002nam a2200241 a 4500001001000000003000500010005001700015008004100032010001100073011001100084040000900095100003600104245021800140260004100358500006000399502007100459650002600530650004200556650001800598650004000616700003400656856007000690000112148CHAP20220329144248.0151208s2015 mx a fsm |||||||spa d a108609 a109581 cCHAP1 aGómez Intzin, Cinthia Nallely10aProyecto ejecutivo para tecnificación de la Unidad de Riego Las Alazanas en el municipio de Puruándiro, Estado de Michoacán /h[En línea]cpor Cinthia Nallely Goméz Intzin y Alejandro Vázquez Tesillos. aChapingo, Méx. :bEl autor,c2015. aPara ver el contenido del material haga clic en la liga aTesis (Ing. en Irrigación) -- UACH. Departamento de Irrigación14aAguaxDistribución.14aIrrigaciónxProyectosxMichoacán.14aRed de riego.14aUnidad de Riego las Alazanas, Mich.1 aVázquez Tesillos, Alejandro aFinding aiduhttp://10.13.5.2/tesis/sist112148.pdfzTeclea aquí